000
00204 a2200097 4500
001
13391
100
_a
Gibbs, H
245
_a
Crescent in schadow
260
_a
New York
_b
Jarrolds
_c
090
_c
10405
_d
10405
942
_a
NUST-CAE
_c
M
_c
454
999
_c
248464
_d
248464